| 000 | 00645nam a2200205Ia 4500 | ||
|---|---|---|---|
| 003 | IN-BaIIA | ||
| 008 | 211028s9999 xx 000 0 eng d | ||
| 040 | _cIIA Library | ||
| 080 |
_a912 _bHIS-I |
||
| 245 | 0 |
_aHistorical records of the survey of India _bvol. 1, 18th century _ccompiled by R. H. Phillimore |
|
| 260 |
_aDehra Dun _bSurvey of India _c1945 |
||
| 300 | _axx, 400p. | ||
| 500 | _aThis volume is shelved in IIA Archives | ||
| 650 |
_a18th century _935493 |
||
| 650 |
_aHistorical records of India _935494 |
||
| 650 |
_aSurvey _9161 |
||
| 650 |
_aSurvey of India _935495 |
||
| 700 |
_aPhillimore, R. H., comp. _935496 |
||
| 942 | _cBK | ||
| 999 |
_c18473 _d18473 |
||